000 02754cam a2200349 a 4500
003 EG-GiCUC
005 20250223032357.0
008 190914s2018 ua d f m 000 0 eng d
040 _aEG-GiCUC
_beng
_cEG-GiCUC
041 0 _aeng
049 _aDeposite
097 _aPh.D
099 _aCai01.24.03.Ph.D.2018.Do.L
100 0 _aDoaa Abdelmageed Saleh Elfaham
245 1 0 _aLow level laser therapy to endometrial cells :
_bA novel approach to increase endometrial proliferation and enhance endometrial receptivity /
_cDoaa Abdelmageed Saleh Elfaham ; Supervised Mohamed Amr Hussein Elnoury , Mona Ebrahim Morsy , Osama Mahmoud Azmy
246 1 5 _aالعلاج بالليزر منخفض المستوى لخلايا بطانة الرحم :
_bوسيلة مبتكرة لزيادة التكاثر وتعزيز التقبل بخلايا بطانة الرحم
260 _aCairo :
_bDoaa Abdelmageed Saleh Elfaham ,
_c2018
300 _a207 P. :
_bcharts ;
_c25cm
502 _aThesis (Ph.D.) - Cairo University - National Institute Of laser Enhanced Science - Department of Laser Application in Medical and Biological
520 _aBackground: Low-level laser therapy (LLLT) has been used in photobiomodulation to promote cell proliferation, healing and regeneration. LLLT can prevent cell apoptosis, improve cell migration and adhesion at low-levels of red/near-infrared. Moreover, it has been used to reduce pain, inflammation and to augment repair of different tissues and nerves. Endometrial receptivity is the temporary sequence of factors that make the uterine environment conductive to blastocyst acceptance and implantation, starting from blastocyst attachment to the luminal epithelium and completed by penetration and invasion. Women with persistent thin endometrium were assumed to encounter diminished activity in the regenerative and functional capacity of their endometrium. The aim of this study was to examine the ability of LLLT in nm wavelength to enhance the proliferation and gene expression of in vitro cultured endometrial cells. Materials and methods: A number of endometrial samples were collected from infertile women attending the infertility clinic at the National Research Centre from the period of March to December . Collected Endometrial samples were processed and cultured
530 _aIssued also as CD
653 4 _aLaser therapy
653 4 _aLow-level laser therapy (LLLT)
653 4 _aMultiple Exposures (ME)
700 0 _aMohamed Amr Hussein Elnoury ,
_eSupervisor
700 0 _aMona Ebrahim Morsy ,
_eSupervisor
700 0 _aOsama Mahmoud Azmy ,
_eSupervisor
856 _uhttp://172.23.153.220/th.pdf
905 _aNazla
_eRevisor
905 _aShimaa
_eCataloger
942 _2ddc
_cTH
999 _c73856
_d73856